1300 1865 1092 1466 1797 1393 1498 1189 1485 1682 1205 1237 1363 1538 1392 1287 1801 1774 1498 1941 1280 1974 1584 1690 1231 1183 1682 1244 1541 1563 1517 1625 1001 1211 1638 1795 1485 1696 1932 1138 1757 1600 1743 1483 1625 1216 1897 1460 1239 1398 1823 1796 1961 1377 1876 1054 1839 1070 1497 1865 1600 1265 1922 1394 1397 1038 1985 1527 1324 1837 1421 1833 1545 1841 1457 1164 1787 1552 1154 1870 1739 1771 1742 1669 1202 1267 1397 1883 1003 1985 1429 1516 1579 1924 1014 1284 1702 1477 1353 BCNSPRNW ULIB Ver.6.0+V

เปลี่ยนเป็นภาษาไทย

Change to English
 แสดงรายละเอียดบรรณานุกรม
  กลับหน้าหลัก

Brief Record : Get Marc (ISO 2709) : E-mail record : QR code < ปิดหน้าต่าง
LEADER : 00000nam 2200000uu 4500
001    13399114619
003     ULIB
008    120424s2549||||th 000 0 tha d
020    ^a9746106724 (ล.1)
060  4 ^aWA546^bส747อ ล.1 2549
245 00 ^aเอกสารการสอนชุดวิชา อนามัยชุมชน หน่วยที่ 1-7=^bCommunity health /^cสาชาวิชาคหกรรมศาสตร์ มหาวิทยาลัยสุโขทัยธรรมาธิราช
246 31 ^aCommunity health
250    ^aพิมพ์ครั้งที่ 15
260    ^aนนทบุรี :^bมหาวิทยาลัยสุโขทัยธรรมาธิราช ,^c2549
300    ^a2 เล่ม:^b970 หน้า
650  7 ^aอนามัยครอบครัว
650  7 ^aอนามัยชุมชน
650  7 ^aโรค^xการป้องกันและรักษา
650  7 ^aสุขภาพจิต
710 2  ^aมหาวิทยาลัยสุโขทัยธรรมาธิราช. ^bสาขาวิชาคหกรรมศาสตร์
945    ^p0^l0^i14005
945    ^p0^l0^i14006
995    ^aกัณชพร
999    ^aใช้งานได้ทุกระบบ
รายการนี้ยังไม่มีแท็ก
คุณยังไม่ได้ล็อกอิน คุณสามารถมีกิจกรรมร่วมกับเว็บไซต์ได้ แต่ต้องล็อกอินก่อน ::
  ล็อกอิน

รายการสื่อสารสนเทศ

ลำดับที่ ประเภท เลขเรียก/บาร์โค้ด สถานที่ สถานะ
- ไม่พบข้อมูล -

รายการใกล้เคียง
    หัวเรื่อง [อนามัยครอบครัว]
    หัวเรื่อง [อนามัยชุมชน]
    หัวเรื่อง [สุขภาพจิต]

BibComment


ยังไม่เคยถูกคอมเมนท์

คอมเมนท์ทรัพยากรรายการนี้
  คอมเมนท์: เอกสารการสอนชุดว..


 Copyright 2026. Bcnsprnw @Library